[Event "FIDE World Rapid-ch Open 2018"]
[White "Jakovenko, Dmitry"]
[Black "Sakaev, Konstantin"]
[Site "St. Petersburg"]
[Round "13.22"]
[Annotator "ChessBase"]
[Result "1-0"]
[Date "2018.12.28"]
[WhiteElo "2735"]
[BlackElo "2584"]
[PlyCount "79"]
[TimeControl "900+10"]

1. e4 {[%emt 0:0:0]} c5 {[%emt 0:0:0]} 2. Nf3 {[%emt 0:0:0]} d6 {[%emt 0:0:0]} 3. d4 {[%emt 0:0:0]} cxd4 {[%emt 0:0:0]} 4. Nxd4 {[%emt 0:0:0]} Nf6 {[%emt 0:0:0]} 5. Nc3 {[%emt 0:0:0]} a6 {[%emt 0:0:0]} 6. f3 {[%emt 0:0:0]
} e5 {[%emt 0:0:6]} 7. Nb3 {[%emt 0:0:0]} Be6 {[%emt 0:0:2]
} 8. Be3 {[%emt 0:0:2]} Be7 {[%emt 0:0:8]} 9. Qd2 {[%emt 0:0:4]} 0-0 {[%emt 0:0:3]
} 10. 0-0-0 {[%emt 0:0:2]} Nbd7 {[%emt 0:0:2]} 11. g4 {[%emt 0:0:18]
} b5 {[%emt 0:0:1]} 12. g5 {[%emt 0:0:21]} Nh5 {[%emt 0:0:3]
} 13. Kb1 {[%emt 0:0:27]} Nb6 {[%emt 0:0:39]} 14. Nd5 {[%emt 0:0:31]} Nxd5 {[%emt 0:0:42]
} 15. exd5 {[%emt 0:0:2]} Bd7 {[%emt 0:0:1]} 16. Na5 {[%emt 0:0:13]
} Rc8 {[%emt 0:0:26]} 17. c4 {[%emt 0:3:2]} Qc7 {[%emt 0:0:0]} 18. Rc1 {[%emt 0:0:59]} Qb8 {[%emt 0:3:59]} 19. Bd3 {[%emt 0:3:49]} b4 {[%emt 0:2:19]} 20. c5 {[%emt 0:1:33]} dxc5 {[%emt 0:0:15]} 21. Bxa6 {[%emt 0:0:4]
} Rcd8 {[%emt 0:0:18]} 22. Bc4 {[%emt 0:1:16]} Qa7 {[%emt 0:0:0]} 23. Qxb4 {[%emt 0:0:10]} cxb4 {[%emt 0:3:21]} 24. Bxa7 {[%emt 0:0:2]} Bxg5 {[%emt 0:0:1]} 25. Rcg1 {[%emt 0:1:27]} Bf6 {[%emt 0:1:57]} 26. Bc5 {[%emt 0:2:33]
} Bf5+ {[%emt 0:0:2]} 27. Ka1 {[%emt 0:0:5]} e4 {[%emt 0:0:0]} 28. Bxf8 {[%emt 0:0:34]} Kxf8 {[%emt 0:0:5]} 29. Nc6 {[%emt 0:0:20]} Re8 {[%emt 0:0:5]} 30. Re1 {[%emt 0:1:2]} e3 {[%emt 0:0:40]} 31. Nxb4 {[%emt 0:0:7]
} Nf4 {[%emt 0:0:2]} 32. a4 {[%emt 0:0:4]} e2 {[%emt 0:0:32]
} 33. Bb5 {[%emt 0:0:19]} Re3 {[%emt 0:0:4]} 34. Ka2 {[%emt 0:0:1]} Be7 {[%emt 0:0:41]
} 35. Nc6 {[%emt 0:0:4]} Bh4 {[%emt 0:0:15]} 36. Nd4 {[%emt 0:0:0]} Bd3 {[%emt 0:0:17]} 37. Bxd3 {[%emt 0:0:12]} Bxe1 {[%emt 0:0:1]} 38. Bxe2 {[%emt 0:0:19]} Nxe2 {[%emt 0:0:7]} 39. Nc2 {[%emt 0:0:13]} Nc3+ {[%emt 0:0:18]
} 40. bxc3 {[%emt 0:0:3]} 1-0

[Event "FIDE World Rapid-ch Open 2018"]
[White "Ragger, Markus"]
[Black "Tomashevsky, Evgeny"]
[Site "St. Petersburg"]
[Round "13.23"]
[Annotator "ChessBase"]
[Result "1/2-1/2"]
[Date "2018.12.28"]
[WhiteElo "2687"]
[BlackElo "2705"]
[PlyCount "29"]
[TimeControl "900+10"]

1. e4 {[%emt 0:0:0]} c6 {[%emt 0:0:0]} 2. d4 {[%emt 0:0:0]} d5 {[%emt 0:0:0]} 3. exd5 {[%emt 0:0:0]} cxd5 {[%emt 0:0:0]} 4. Bd3 {[%emt 0:0:0]} Nc6 {[%emt 0:0:0]} 5. c3 {[%emt 0:0:0]} Nf6 {[%emt 0:0:2]} 6. h3 {[%emt 0:0:0]
} g6 {[%emt 0:0:5]} 7. Bf4 {[%emt 0:0:0]} Bf5 {[%emt 0:0:22]
} 8. Be2 {[%emt 0:0:1]} Be4 {[%emt 0:1:43]} 9. Nf3 {[%emt 0:0:9]} Bxf3 {[%emt 0:0:2]
} 10. Bxf3 {[%emt 0:0:7]} e6 {[%emt 0:0:1]} 11. 0-0 {[%emt 0:0:0]} Bd6 {[%emt 0:0:2]} 12. Bh6 {[%emt 0:0:59]} Bf8 {[%emt 0:0:42]} 13. Bf4 {[%emt 0:0:11]} Bd6 {[%emt 0:0:2]} 14. Bh6 {[%emt 0:0:56]} Bf8 {[%emt 0:0:50]
} 15. Bf4 {[%emt 0:3:41]} 1/2-1/2

[Event "FIDE World Rapid-ch Open 2018"]
[White "Guseinov, Gadir"]
[Black "Sarana, Alexey"]
[Site "St. Petersburg"]
[Round "13.24"]
[Annotator "ChessBase"]
[Result "1-0"]
[Date "2018.12.28"]
[WhiteElo "2664"]
[BlackElo "2618"]
[PlyCount "67"]
[TimeControl "900+10"]

1. e4 {[%emt 0:0:0]} c5 {[%emt 0:0:0]} 2. Nc3 {[%emt 0:0:0]} d6 {[%emt 0:0:0]} 3. d4 {[%emt 0:0:0]} cxd4 {[%emt 0:0:0]} 4. Qxd4 {[%emt 0:0:0]} Nc6 {[%emt 0:0:0]} 5. Qd2 {[%emt 0:0:9]} e6 {[%emt 0:0:0]} 6. b3 {[%emt 0:0:6]
} Nf6 {[%emt 0:0:0]} 7. Bb2 {[%emt 0:0:2]} d5 {[%emt 0:0:0]
} 8. exd5 {[%emt 0:0:10]} exd5 {[%emt 0:0:1]} 9. 0-0-0 {[%emt 0:0:2]} Be6 {[%emt 0:0:1]} 10. Nf3 {[%emt 0:0:16]} Qa5 {[%emt 0:0:5]} 11. Nd4 {[%emt 0:1:29]
} Bb4 {[%emt 0:0:3]} 12. Nxe6 {[%emt 0:4:12]} fxe6 {[%emt 0:0:0]} 13. Qe3 {[%emt 0:0:3]} Kf7 {[%emt 0:2:25]} 14. Kb1 {[%emt 0:0:44]} d4 {[%emt 0:0:38]} 15. Rxd4 {[%emt 0:0:1]} Nxd4 {[%emt 0:0:1]} 16. Qxd4 {[%emt 0:0:2]
} Rhd8 {[%emt 0:0:24]} 17. Qe3 {[%emt 0:0:2]} Bxc3 {[%emt 0:0:0]} 18. Bxc3 {[%emt 0:0:2]} Rd1+ {[%emt 0:0:2]} 19. Kb2 {[%emt 0:0:1]
} Qb6 {[%emt 0:0:25]} 20. Qf3 {[%emt 0:0:50]} Rad8 {[%emt 0:0:2]} 21. g3 {[%emt 0:3:17]
} R8d5 {[%emt 0:0:54]} 22. Bc4 {[%emt 0:0:36]} Rxh1 {[%emt 0:0:0]} 23. Qxh1 {[%emt 0:0:9]} Rh5 {[%emt 0:0:54]} 24. f4 {[%emt 0:0:17]} Qc6 {[%emt 0:1:1]} 25. Qd1 {[%emt 0:0:1]} b5 {[%emt 0:1:30]} 26. Bxf6 {[%emt 0:1:23]
} Rxh2 {[%emt 0:0:2]} 27. Bc3 {[%emt 0:3:1]} bxc4 {[%emt 0:0:0]} 28. Qd4 {[%emt 0:0:2]} Kg6 {[%emt 0:1:58]} 29. f5+ {[%emt 0:0:48]} exf5 {[%emt 0:0:35]} 30. Qxg7+ {[%emt 0:0:3]} Kh5 {[%emt 0:0:1]} 31. Qxh7+ {[%emt 0:0:29]} Qh6 {[%emt 0:0:1]} 32. Qxf5+ {[%emt 0:0:10]} Qg5 {[%emt 0:0:0]} 33. g4+ {[%emt 0:0:14]} Kh6 {[%emt 0:0:2]} 34. Qf8+ {[%emt 0:0:6]} 1-0

[Event "FIDE World Rapid-ch Open 2018"]
[White "Khanin, Semen"]
[Black "Fridman, Daniel"]
[Site "St. Petersburg"]
[Round "13.25"]
[Annotator "ChessBase"]
[Result "0-1"]
[Date "2018.12.28"]
[WhiteElo "2514"]
[BlackElo "2633"]
[PlyCount "76"]
[TimeControl "900+10"]

1. e4 {[%emt 0:0:0]} e5 {[%emt 0:0:0]} 2. Nf3 {[%emt 0:0:0]} Nf6 {[%emt 0:0:0]
} 3. Nxe5 {[%emt 0:0:2]} d6 {[%emt 0:0:0]} 4. Nf3 {[%emt 0:0:0]} Nxe4 {[%emt 0:0:0]} 5. Bd3 {[%emt 0:0:8]} Nf6 {[%emt 0:0:0]} 6. 0-0 {[%emt 0:0:2]} Be7 {[%emt 0:0:0]} 7. c3 {[%emt 0:0:3]} 0-0 {[%emt 0:0:0]} 8. Bc2 {[%emt 0:0:2]} Bg4 {[%emt 0:0:10]} 9. d4 {[%emt 0:0:4]} c5 {[%emt 0:0:35]} 10. h3 {[%emt 0:1:26]} Bh5 {[%emt 0:0:1]} 11. d5 {[%emt 0:0:0]} Nbd7 {[%emt 0:0:25]} 12. g4 {[%emt 0:0:43]} Bg6 {[%emt 0:0:3]} 13. Bxg6 {[%emt 0:0:7]} hxg6 {[%emt 0:0:19]} 14. c4 {[%emt 0:0:13]} Ne4 {[%emt 0:1:30]
} 15. Nbd2 {[%emt 0:0:26]} Nxd2 {[%emt 0:0:37]} 16. Bxd2 {[%emt 0:0:3]
} Bf6 {[%emt 0:0:52]} 17. Qc2 {[%emt 0:2:4]} Ne5 {[%emt 0:0:0]} 18. Nxe5 {[%emt 0:0:45]} Bxe5 {[%emt 0:0:2]} 19. Rae1 {[%emt 0:0:15]} Qf6 {[%emt 0:1:5]} 20. b3 {[%emt 0:0:23]} Rfe8 {[%emt 0:0:33]} 21. Kg2 {[%emt 0:0:33]
} Bd4 {[%emt 0:0:27]} 22. f4 {[%emt 0:1:18]} Qh4 {[%emt 0:0:0]} 23. Bc3 {[%emt 0:0:55]} Rxe1 {[%emt 0:4:17]} 24. Rxe1 {[%emt 0:0:5]} f5 {[%emt 0:0:8]} 25. gxf5 {[%emt 0:1:14]} gxf5 {[%emt 0:0:2]} 26. Rf1 {[%emt 0:1:43]
} Bxc3 {[%emt 0:2:47]} 27. Qxc3 {[%emt 0:0:2]} Re8 {[%emt 0:0:0]} 28. Qg3 {[%emt 0:1:5]} Qe7 {[%emt 0:0:34]} 29. Kh2 {[%emt 0:0:39]} Kf7 {[%emt 0:0:16]} 30. Rf2 {[%emt 0:1:27]} Qf6 {[%emt 0:0:8]} 31. Rg2 {[%emt 0:0:43]
} Re4 {[%emt 0:0:18]} 32. Qf3 {[%emt 0:1:3]} Qh4 {[%emt 0:0:0]} 33. Rf2 {[%emt 0:0:23]} g6 {[%emt 0:0:19]} 34. Qg3 {[%emt 0:0:4]} Qf6 {[%emt 0:1:16]} 35. Rg2 {[%emt 0:0:1]} Re8 {[%emt 0:0:30]} 36. Qf3 {[%emt 0:0:7]
} Qh4 {[%emt 0:0:13]} 37. Rf2 {[%emt 0:0:16]} Re1 {[%emt 0:0:0]} 38. Qg3 {[%emt 0:0:14]} Rh1+ {[%emt 0:0:2]} 0-1

[Event "FIDE World Rapid-ch Open 2018"]
[White "Yuffa, Daniil"]
[Black "Riazantsev, Alexander"]
[Site "St. Petersburg"]
[Round "13.26"]
[Annotator "ChessBase"]
[Result "1/2-1/2"]
[Date "2018.12.28"]
[WhiteElo "2572"]
[BlackElo "2649"]
[PlyCount "113"]
[TimeControl "900+10"]

1. d4 {[%emt 0:0:0]} d5 {[%emt 0:0:0]} 2. c4 {[%emt 0:0:0]} e6 {[%emt 0:0:0]} 3. Nf3 {[%emt 0:0:0]} Nf6 {[%emt 0:0:0]} 4. g3 {[%emt 0:0:0]} dxc4 {[%emt 0:0:0]} 5. Bg2 {[%emt 0:0:0]} a6 {[%emt 0:0:16]} 6. 0-0 {[%emt 0:0:10]
} b5 {[%emt 0:0:2]} 7. Ne5 {[%emt 0:0:22]} Nd5 {[%emt 0:0:37]
} 8. a4 {[%emt 0:0:38]} Bb7 {[%emt 0:0:13]} 9. e4 {[%emt 0:1:14]} Nf6 {[%emt 0:0:46]
} 10. axb5 {[%emt 0:0:5]} axb5 {[%emt 0:0:18]} 11. Rxa8 {[%emt 0:0:12]
} Bxa8 {[%emt 0:0:1]} 12. Nc3 {[%emt 0:0:12]} c6 {[%emt 0:0:0]} 13. d5 {[%emt 0:0:58]} Be7 {[%emt 0:0:17]} 14. dxe6 {[%emt 0:4:36]} fxe6 {[%emt 0:0:3]} 15. Qe2 {[%emt 0:0:5]} 0-0 {[%emt 0:0:7]} 16. Bh3 {[%emt 0:0:2]
} Kh8 {[%emt 0:0:53]} 17. Bxe6 {[%emt 0:0:39]} Qe8 {[%emt 0:0:0]} 18. Rd1 {[%emt 0:0:43]} Bb7 19. Bf4 Na6 {[%emt 0:3:3]} 20. Nd7 {[%emt 0:2:50]
} Nxd7 {[%emt 0:0:56]} 21. Bxd7 {[%emt 0:0:7]} Qf7 {[%emt 0:0:0]} 22. e5 {[%emt 0:0:36]} Qg6 {[%emt 0:2:43]} 23. Qe4 {[%emt 0:2:37]} Nc5 {[%emt 0:0:12]} 24. Qxg6 {[%emt 0:0:2]} hxg6 {[%emt 0:0:1]} 25. e6 {[%emt 0:0:1]
} Nd3 {[%emt 0:0:8]} 26. Ne4 Nxf4 {[%emt 0:1:53]} 27. gxf4 {[%emt 0:0:48]
} c5 {[%emt 0:0:1]} 28. Ng5 {[%emt 0:1:2]} Rxf4 {[%emt 0:0:0]} 29. Nf7+ {[%emt 0:0:1]} Kh7 {[%emt 0:1:31]} 30. Ne5 {[%emt 0:0:13]} b4 {[%emt 0:1:37]} 31. Bc6 {[%emt 0:0:11]} Bxc6 {[%emt 0:1:36]} 32. Nxc6 {[%emt 0:0:1]
} Bh4 {[%emt 0:0:0]} 33. Rd5 {[%emt 0:1:8]} c3 {[%emt 0:0:0]} 34. bxc3 {[%emt 0:0:8]} bxc3 {[%emt 0:0:1]} 35. Kg2 {[%emt 0:0:44]} Rc4 {[%emt 0:1:1]} 36. Rd1 {[%emt 0:0:1]} Re4 {[%emt 0:0:35]} 37. Rd5 {[%emt 0:0:25]
} Rxe6 {[%emt 0:0:16]} 38. Rxc5 {[%emt 0:0:2]} Bf6 {[%emt 0:0:0]} 39. Kf3 {[%emt 0:0:12]} Rd6 {[%emt 0:0:13]} 40. Nb4 {[%emt 0:0:12]} Rd2 {[%emt 0:0:18]} 41. Nd5 {[%emt 0:0:1]} Bd4 {[%emt 0:0:1]} 42. Rc4 {[%emt 0:0:5]
} Rxf2+ {[%emt 0:0:11]} 43. Ke4 {[%emt 0:0:34]} Bf6 {[%emt 0:0:0]} 44. Nxc3 Rc2 {[%emt 0:0:18]} 45. Kd3 {[%emt 0:0:8]} Rxc3+ {[%emt 0:0:0]} 46. Rxc3 {[%emt 0:0:0]} Bxc3 {[%emt 0:0:1]} 47. Kxc3 Kh6 {[%emt 0:0:0]} 48. Kd4 {[%emt 0:0:2]} Kg5 {[%emt 0:0:11]} 49. Ke3 {[%emt 0:0:7]} Kg4 {[%emt 0:0:2]} 50. Ke4 {[%emt 0:0:20]} g5 {[%emt 0:0:12]} 51. Ke5 {[%emt 0:0:16]
} Kh3 {[%emt 0:0:10]} 52. Kf5 {[%emt 0:0:1]} g4 {[%emt 0:0:0]} 53. Kf4 {[%emt 0:0:21]} Kh4 {[%emt 0:0:3]} 54. Kf5 {[%emt 0:0:7]} g5 {[%emt 0:0:8]} 55. Kg6 {[%emt 0:0:4]} g3 {[%emt 0:0:40]} 56. hxg3+ {[%emt 0:0:1]
} Kxg3 {[%emt 0:0:1]} 57. Kxg5 {[%emt 0:0:2]} 1/2-1/2

[Event "FIDE World Rapid-ch Open 2018"]
[White "Levin, Evgeny A."]
[Black "Timofeev, Artyom"]
[Site "St. Petersburg"]
[Round "13.27"]
[Annotator "ChessBase"]
[Result "1/2-1/2"]
[Date "2018.12.28"]
[WhiteElo "2516"]
[BlackElo "2589"]
[PlyCount "31"]
[TimeControl "900+10"]

1. d4 {[%emt 0:0:0]} Nf6 {[%emt 0:0:0]} 2. c4 {[%emt 0:0:0]} b6 {[%emt 0:0:0]} 3. Nf3 {[%emt 0:0:55]} Bb7 {[%emt 0:0:0]} 4. Nc3 {[%emt 0:0:17]} g6 {[%emt 0:0:5]} 5. g3 {[%emt 0:0:36]} Bg7 {[%emt 0:0:2]} 6. Bg2 {[%emt 0:0:0]} 0-0 {[%emt 0:0:30]} 7. 0-0 {[%emt 0:0:5]} Ne4 {[%emt 0:0:40]} 8. Qc2 {[%emt 0:1:34]} Nxc3 {[%emt 0:0:3]} 9. Qxc3 {[%emt 0:0:7]} c5 {[%emt 0:0:3]
} 10. Be3 {[%emt 0:0:9]} Nc6 {[%emt 0:0:40]} 11. Rfd1 {[%emt 0:0:10]
} Qc7 {[%emt 0:0:6]} 12. Rac1 {[%emt 0:0:41]} Rac8 {[%emt 0:0:0]} 13. Qd2 {[%emt 0:0:56]} cxd4 {[%emt 0:1:50]} 14. Nxd4 {[%emt 0:0:4]
} Nxd4 {[%emt 0:0:12]} 15. Bxd4 {[%emt 0:0:19]} Bxg2 {[%emt 0:0:7]} 16. Bxg7 {[%emt 0:0:48]} 1/2-1/2

[Event "FIDE World Rapid-ch Open 2018"]
[White "Kovalenko, Igor"]
[Black "Hovhannisyan, Robert"]
[Site "St. Petersburg"]
[Round "13.28"]
[Annotator "ChessBase"]
[Result "1/2-1/2"]
[Date "2018.12.28"]
[WhiteElo "2657"]
[BlackElo "2637"]
[PlyCount "181"]
[TimeControl "900+10"]

1. Nf3 {[%emt 0:0:0]} d5 {[%emt 0:0:0]} 2. d4 {[%emt 0:0:0]} Nf6 {[%emt 0:0:0]
} 3. c4 {[%emt 0:0:0]} c6 {[%emt 0:0:0]} 4. Nc3 {[%emt 0:0:0]} e6 {[%emt 0:0:0]} 5. cxd5 {[%emt 0:0:10]} exd5 {[%emt 0:0:0]} 6. Qc2 {[%emt 0:0:1]} Bd6 {[%emt 0:0:14]} 7. Bg5 {[%emt 0:0:2]} 0-0 {[%emt 0:0:0]} 8. e3 {[%emt 0:0:4]} h6 {[%emt 0:0:20]} 9. Bh4 {[%emt 0:0:2]} Be6 {[%emt 0:0:26]
} 10. Bd3 {[%emt 0:0:3]} Nbd7 {[%emt 0:0:3]} 11. 0-0 {[%emt 0:0:19]
} Re8 {[%emt 0:0:19]} 12. Rab1 {[%emt 0:0:8]} a5 {[%emt 0:0:0]} 13. a3 {[%emt 0:0:18]} Qb8 {[%emt 0:0:8]} 14. Bg3 {[%emt 0:0:5]} Bg4 {[%emt 0:0:37]} 15. Nd2 {[%emt 0:1:3]} Bxg3 {[%emt 0:0:24]} 16. hxg3 {[%emt 0:0:2]
} Qd6 {[%emt 0:0:4]} 17. Rfc1 {[%emt 0:0:25]} Rac8 {[%emt 0:0:0]} 18. Na4 {[%emt 0:0:10]} g6 {[%emt 0:1:28]} 19. Nc5 {[%emt 0:0:21]} Nxc5 {[%emt 0:0:7]} 20. Qxc5 {[%emt 0:0:1]} Qxc5 {[%emt 0:0:18]} 21. Rxc5 {[%emt 0:3:7]} b6 {[%emt 0:1:40]} 22. Rc3 {[%emt 0:0:17]} c5 {[%emt 0:0:0]} 23. dxc5 {[%emt 0:4:30]} bxc5 {[%emt 0:0:2]} 24. Ba6 {[%emt 0:0:1]} d4 {[%emt 0:2:46]} 25. exd4 {[%emt 0:0:16]} cxd4 {[%emt 0:0:1]} 26. Rxc8 {[%emt 0:0:4]
} Bxc8 {[%emt 0:0:2]} 27. Bd3 {[%emt 0:1:54]} Be6 {[%emt 0:0:0]} 28. Nf3 {[%emt 0:0:24]} Rd8 {[%emt 0:1:15]} 29. b4 {[%emt 0:1:6]} axb4 {[%emt 0:0:1]} 30. Rxb4 {[%emt 0:0:1]} Rc8 {[%emt 0:0:18]} 31. Nxd4 {[%emt 0:2:6]
} Rc1+ {[%emt 0:0:2]} 32. Bf1 {[%emt 0:0:1]} Bd7 {[%emt 0:0:0]} 33. f3 {[%emt 0:0:29]} Nd5 {[%emt 0:0:47]} 34. Rb8+ {[%emt 0:0:0]} Kg7 {[%emt 0:0:1]} 35. Kf2 {[%emt 0:0:41]} Ra1 {[%emt 0:0:5]} 36. Bc4 {[%emt 0:0:11]
} Nf6 {[%emt 0:0:51]} 37. Nc2 {[%emt 0:0:12]} Rc1 {[%emt 0:0:0]} 38. Ne3 {[%emt 0:0:0]} h5 {[%emt 0:0:21]} 39. Rb7 {[%emt 0:0:12]} Ra1 {[%emt 0:0:16]} 40. Ra7 {[%emt 0:0:1]} Be8 {[%emt 0:0:15]} 41. Ke2 {[%emt 0:0:6]
} Nd7 {[%emt 0:0:49]} 42. Ra8 {[%emt 0:0:28]} Nf6 {[%emt 0:0:0]} 43. Nc2 {[%emt 0:0:16]} Rg1 {[%emt 0:0:12]} 44. Ne1 {[%emt 0:0:5]} Rh1 {[%emt 0:0:24]} 45. a4 {[%emt 0:0:14]} h4 {[%emt 0:0:2]} 46. g4 {[%emt 0:0:0]} Bc6 {[%emt 0:0:10]} 47. Ra7 {[%emt 0:0:22]} Bd5 {[%emt 0:0:4]} 48. Bxd5 Nxd5 {[%emt 0:0:1]} 49. Kf2 {[%emt 0:0:19]} Nc3 {[%emt 0:0:59]} 50. Nd3 {[%emt 0:0:16]} Ra1 {[%emt 0:0:3]} 51. a5 {[%emt 0:0:17]} Ra2+ {[%emt 0:0:5]
} 52. Kf1 {[%emt 0:0:43]} Nd5 {[%emt 0:0:25]} 53. Ne5 {[%emt 0:0:0]} Ne3+ {[%emt 0:0:2]} 54. Kg1 {[%emt 0:0:1]} Rxg2+ 55. Kh1 h3 {[%emt 0:0:31]
} 56. Nxf7 {[%emt 0:0:18]} Kf6 {[%emt 0:0:9]} 57. Nd6 {[%emt 0:0:2]
} Ke5 {[%emt 0:0:34]} 58. Ne4 {[%emt 0:0:23]} Ra2 {[%emt 0:0:0]} 59. Re7+ {[%emt 0:0:21]} Kf4 {[%emt 0:0:17]} 60. Rf7+ {[%emt 0:0:2]} Ke5 {[%emt 0:0:1]} 61. Re7+ {[%emt 0:0:55]} Kf4 {[%emt 0:0:1]} 62. Rf7+ {[%emt 0:0:1]
} Ke5 {[%emt 0:0:1]} 63. Nc3 {[%emt 0:0:11]} Ra3 {[%emt 0:0:0]} 64. Ne2 {[%emt 0:0:9]} Ke6 {[%emt 0:0:15]} 65. Rf8 {[%emt 0:0:7]} Ke7 {[%emt 0:0:8]} 66. Rf4 {[%emt 0:0:3]} Nf1 {[%emt 0:0:17]} 67. Re4+ {[%emt 0:0:29]
} Kd6 {[%emt 0:0:4]} 68. Rd4+ {[%emt 0:0:9]} Kc5 {[%emt 0:0:0]} 69. Rd1 {[%emt 0:0:7]} Rxf3 {[%emt 0:0:3]} 70. a6 {[%emt 0:0:18]} Kb6 {[%emt 0:0:19]} 71. Ra1 {[%emt 0:0:8]} Ka7 {[%emt 0:0:1]} 72. Nd4 {[%emt 0:0:1]
} Rf2 {[%emt 0:0:7]} 73. Ne2 {[%emt 0:0:12]} Nd2 {[%emt 0:0:0]} 74. Ng1 {[%emt 0:0:7]} h2 {[%emt 0:0:20]} 75. Nh3 {[%emt 0:0:1]} Re2 {[%emt 0:0:5]} 76. Ra2 {[%emt 0:0:16]} Re1+ {[%emt 0:0:17]} 77. Kxh2 {[%emt 0:0:1]
} Ne4 {[%emt 0:0:8]} 78. Nf4 {[%emt 0:0:9]} Nf6 {[%emt 0:0:0]} 79. g5 {[%emt 0:0:19]} Ne4 {[%emt 0:0:2]} 80. Ne6 {[%emt 0:0:14]} Nc3 {[%emt 0:0:12]} 81. Rc2 {[%emt 0:0:7]} Rxe6 {[%emt 0:0:15]} 82. Rxc3 Re5 {[%emt 0:0:1]
} 83. Rg3 {[%emt 0:0:1]} Kxa6 {[%emt 0:0:3]} 84. Kh3 {[%emt 0:0:1]
} Kb6 {[%emt 0:0:8]} 85. Kg4 {[%emt 0:0:1]} Kc6 {[%emt 0:0:0]} 86. Rd3 {[%emt 0:0:24]} Rd5 {[%emt 0:0:6]} 87. Rf3 {[%emt 0:0:2]} Rd4+ {[%emt 0:0:3]} 88. Kg3 {[%emt 0:0:2]} Kd7 {[%emt 0:0:11]} 89. Rf7+ {[%emt 0:0:6]
} Ke6 {[%emt 0:0:7]} 90. Rf6+ {[%emt 0:0:1]} Ke5 {[%emt 0:0:0]} 91. Rxg6 {[%emt 0:0:3]} 1/2-1/2

[Event "FIDE World Rapid-ch Open 2018"]
[White "Savchenko, Boris"]
[Black "Gasanov, Eldar"]
[Site "St. Petersburg"]
[Round "13.29"]
[Annotator "ChessBase"]
[Result "1-0"]
[Date "2018.12.28"]
[WhiteElo "2562"]
[BlackElo "2499"]
[PlyCount "59"]
[TimeControl "900+10"]

1. e4 {[%emt 0:1:25]} e5 {[%emt 0:0:1]} 2. Nf3 {[%emt 0:0:12]} Nc6 {[%emt 0:0:3]
} 3. Bb5 {[%emt 0:0:2]} a6 {[%emt 0:0:14]} 4. Ba4 {[%emt 0:0:0]} Nf6 {[%emt 0:0:15]} 5. 0-0 {[%emt 0:0:4]} Be7 {[%emt 0:0:11]} 6. Re1 {[%emt 0:0:3]
} b5 {[%emt 0:0:7]} 7. Bb3 {[%emt 0:0:2]} d6 {[%emt 0:0:5]} 8. c3 {[%emt 0:0:32]} 0-0 {[%emt 0:0:6]} 9. a4 {[%emt 0:0:5]} Bd7 {[%emt 0:0:32]
} 10. d4 {[%emt 0:0:23]} Bg4 {[%emt 0:0:36]} 11. Bd5 {[%emt 0:0:0]} Nxd5 {[%emt 0:1:31]} 12. exd5 {[%emt 0:0:3]} Na5 {[%emt 0:0:34]} 13. axb5 {[%emt 0:2:19]} axb5 {[%emt 0:0:50]} 14. dxe5 {[%emt 0:0:21]} dxe5 {[%emt 0:0:52]} 15. h3 {[%emt 0:1:44]} Bxf3 {[%emt 0:0:44]} 16. Qxf3 {[%emt 0:0:3]
} Re8 {[%emt 0:6:20]} 17. Nd2 {[%emt 0:1:41]} b4 {[%emt 0:0:0]} 18. Nf1 {[%emt 0:1:35]} Bd6 {[%emt 0:1:12]} 19. Ng3 {[%emt 0:0:24]} Nb3 {[%emt 0:0:23]} 20. Rxa8 {[%emt 0:0:18]} Qxa8 {[%emt 0:0:2]} 21. Be3 {[%emt 0:0:19]
} bxc3 {[%emt 0:0:37]} 22. bxc3 {[%emt 0:0:55]} Qa5 {[%emt 0:0:0]} 23. Ne4 {[%emt 0:0:29]} Rf8 {[%emt 0:1:37]} 24. Nf6+ {[%emt 0:1:34]} Kh8 {[%emt 0:0:34]} 25. Qf5 {[%emt 0:0:11]} g6 {[%emt 0:0:7]} 26. Qg5 {[%emt 0:0:7]
} Qxc3 {[%emt 0:1:1]} 27. Qh6 {[%emt 0:0:20]} Qxe1+ {[%emt 0:0:0]} 28. Kh2 {[%emt 0:0:2]} e4+ {[%emt 0:0:5]} 29. g3 {[%emt 0:0:1]} Bxg3+ {[%emt 0:0:10]} 30. Kg2 {[%emt 0:0:4]} 1-0

[Event "FIDE World Rapid-ch Open 2018"]
[White "Petrov, Nikita"]
[Black "Bocharov, Ivan"]
[Site "St. Petersburg"]
[Round "13.30"]
[Annotator "ChessBase"]
[Result "1/2-1/2"]
[Date "2018.12.28"]
[WhiteElo "2593"]
[BlackElo "2563"]
[PlyCount "88"]
[TimeControl "900+10"]

1. e4 {[%emt 0:0:0]} e5 {[%emt 0:0:40]} 2. Bc4 {[%emt 0:0:0]} Nc6 {[%emt 0:0:4]
} 3. Nf3 {[%emt 0:0:3]} Bc5 {[%emt 0:0:2]} 4. d3 {[%emt 0:0:0]} Nf6 {[%emt 0:0:1]} 5. a4 {[%emt 0:0:10]} 0-0 {[%emt 0:0:20]} 6. Bg5 {[%emt 0:0:8]
} h6 {[%emt 0:0:30]} 7. Bh4 {[%emt 0:0:1]} d6 {[%emt 0:0:4]} 8. c3 {[%emt 0:0:10]} a5 {[%emt 0:0:13]} 9. Nbd2 {[%emt 0:0:13]} Be6 {[%emt 0:0:54]
} 10. 0-0 {[%emt 0:0:13]} Ba7 {[%emt 0:1:32]} 11. Re1 {[%emt 0:0:0]} Re8 {[%emt 0:1:14]} 12. Bb5 {[%emt 0:0:16]} g5 {[%emt 0:1:36]} 13. Bg3 {[%emt 0:0:9]} Bd7 {[%emt 0:0:5]} 14. Nc4 {[%emt 0:0:48]} Ne7 {[%emt 0:1:28]
} 15. d4 {[%emt 0:1:34]} c6 {[%emt 0:1:46]} 16. Nxd6 {[%emt 0:0:0]} cxb5 {[%emt 0:0:2]} 17. Bxe5 {[%emt 0:1:16]} Ng4 {[%emt 0:0:43]} 18. axb5 {[%emt 0:1:14]} Nxe5 {[%emt 0:0:35]} 19. Nxe5 {[%emt 0:0:10]} Rf8 {[%emt 0:0:10]
} 20. Qh5 {[%emt 0:1:15]} Be6 {[%emt 0:0:7]} 21. Nxb7 {[%emt 0:0:42]
} Qc7 {[%emt 0:0:26]} 22. Qxh6 {[%emt 0:0:3]} Qxb7 {[%emt 0:0:0]} 23. Qxg5+ {[%emt 0:0:42]} Kh7 {[%emt 0:0:1]} 24. d5 {[%emt 0:2:40]} f6 {[%emt 0:0:28]} 25. Qh4+ {[%emt 0:2:30]} Kg7 {[%emt 0:0:4]} 26. Qg3+ {[%emt 0:0:1]
} Kh7 {[%emt 0:0:4]} 27. Qh4+ {[%emt 0:0:1]} Kg7 {[%emt 0:0:0]} 28. Qg3+ {[%emt 0:0:40]} Kh7 {[%emt 0:0:1]} 29. Nc6 {[%emt 0:0:28]} Bc8 {[%emt 0:2:29]} 30. e5 {[%emt 0:1:14]} Nxc6 {[%emt 0:0:24]} 31. bxc6 {[%emt 0:0:26]
} Qg7 {[%emt 0:0:10]} 32. e6 {[%emt 0:0:42]} Re8 {[%emt 0:0:0]} 33. Qh3+ {[%emt 0:0:9]} Qh6 {[%emt 0:0:3]} 34. Qf5+ {[%emt 0:0:12]} Qg6 {[%emt 0:0:1]} 35. Qh3+ {[%emt 0:0:1]} Qh6 {[%emt 0:0:0]} 36. Qf5+ {[%emt 0:0:10]
} Qg6 {[%emt 0:0:2]} 37. Qf3 {[%emt 0:0:6]} Bb8 {[%emt 0:0:0]} 38. Ra4 {[%emt 0:0:0]} f5 {[%emt 0:0:8]} 39. b4 {[%emt 0:0:26]} Ba6 {[%emt 0:0:19]
} 40. Rxa5 {[%emt 0:0:13]} Bc7 {[%emt 0:0:2]} 41. Raa1 {[%emt 0:0:3]
} Bc4 {[%emt 0:0:5]} 42. Rad1 {[%emt 0:0:5]} Bb6 {[%emt 0:0:0]} 43. Qf4 {[%emt 0:0:7]} Ra2 {[%emt 0:0:3]} 44. Rd4 {[%emt 0:0:33]} Bxd5 1/2-1/2